Logo CIB grande

Measuring software functional size from business process models (Registro nro. 238298)

Detalles MARC
000 -LEADER
campo de control de longitud fija 00794nam a22002417a 4500
003 - IDENTIFICADOR DE NÚMERO DE CONTROL
campo de control EC-GqESP
005 - FECHA Y HORA DE LA ÚLTIMA TRANSACCIÓN
campo de control 20260402152352.0
008 - DATOS DE LONGITUD FIJA--INFORMACIÓN GENERAL
campo de control de longitud fija 260402b |||||||| |||| 00| 0 eng d
041 ## - CÓDIGO DE IDIOMA
Código de lengua del texto/banda sonora o título independiente eng
082 ## - NÚMERO DE LA CLASIFICACIÓN DECIMAL DEWEY
Número de clasificación 005.1
Iniciales del Autor MON
100 ## - ENTRADA PRINCIPAL--NOMBRE DE PERSONA
Nombre de persona Monsalve, Carlos
245 ## - MENCIÓN DEL TÍTULO
Título Measuring software functional size from business process models
Mención de responsabilidad, etc. Carlos Monsalve, Alain Abran and Alain April
260 ## - PUBLICACIÓN, DISTRIBUCIÓN, ETC.
Lugar de publicación, distribución, etc. New Yersey
Nombre del editor, distribuidor, etc. World Scientific
Fecha de publicación, distribución, etc. 2011
300 ## - DESCRIPCIÓN FÍSICA
Extensión páginas 311 - 338
Dimensiones 25 cm.
500 ## - NOTA GENERAL
Nota general Revista International Journal of Software Engineering and Knowledge Engineering. Vol 21 no. 3.
504 ## - NOTA DE BIBLIOGRAFÍA, ETC.
Nota de bibliografía, etc. Nota Incluye bibliografía
650 ## - PUNTO DE ACCESO ADICIONAL DE MATERIA--TÉRMINO DE MATERIA
Término de materia o nombre geográfico como elemento de entrada Fuctional size measurement
650 ## - PUNTO DE ACCESO ADICIONAL DE MATERIA--TÉRMINO DE MATERIA
Término de materia o nombre geográfico como elemento de entrada Business process model
650 ## - PUNTO DE ACCESO ADICIONAL DE MATERIA--TÉRMINO DE MATERIA
Término de materia o nombre geográfico como elemento de entrada ISO 19761
700 ## - ENTRADA AGREGADA--NOMBRE PERSONAL
Nombre de persona Abran, Alain
700 ## - ENTRADA AGREGADA--NOMBRE PERSONAL
Nombre de persona April, Alain
942 ## - ELEMENTOS DE ENTRADA SECUNDARIOS (KOHA)
Tipo de ítem Koha Libros
Existencias
Estatus retirado Estado de pérdida Fuente de la clasificación o esquema de estantería Estado de daño No para préstamo Biblioteca de origen Biblioteca actual Fecha de adquisición Coste, precio normal de compra Etiqueta RFID Total de préstamos Signatura topográfica completa Código de barras Visto por última vez Copia número Fecha de reemplazo Tipo de ítem Koha Nota pública
    Clasificación Decimal Dewey     CENTRO DE INFORMACIÓN BIBLIOTECARIA CENTRO DE INFORMACIÓN BIBLIOTECARIA 05/03/2026 1.00 0000000000000000038442   005.1 MON D-202704 02/04/2026 1 02/04/2026 Libros CIB

Copyright 2025 ESPOL. Todos los derechos reservados.